Por amor al odio : la tragedia de la subversión en la argentina /

Guardado en:
Autor Principal: Acuña, Carlos Manuel
Formato: Libro
Publicado: Buenos Aires : Del Pórtico, 2000
Edición:2a. ed.
Materias:
Etiquetas: Agregar Etiqueta
Sin Etiquetas, Sea el primero en etiquetar este registro!
LEADER 01447nam a22002415a 4500
001 CEM.cems010785
005 20080327114142.0
008 130507s2000##################000#0#####d
003 CEMS
020 |a 9879622960 
082 0 4 |a 982.06 
100 1 |a Acuña, Carlos Manuel 
245 1 0 |a Por amor al odio :  |b la tragedia de la subversión en la argentina /  |c Carlos Manuel Acuña 
250 |a 2a. ed. 
260 |a Buenos Aires :  |b Del Pórtico,  |c 2000 
300 |a 747 p. 
505 0 |a Antecedentes continentales y argentinos -- Nace "el ejército guerrillero del pueblo" -- Cuba ajusta su política de exportación revolucionaria -- El francés que impulsó el mito -- De Argelia a Villa Crespo -- El segundo fracaso militar de Fidel Castro -- Chile: la insurrección desde el poder -- La izquierdización de sectores del peronismo -- Después de la muerte de Guevara -- Se precipitan los ancontecimientos -- Hacia la conquista del poder por la fuerza -- Las dirigiencias comienzan a inquietarse -- Los guerrilleros -- Un hito revolucionario: Rawson y Trelew -- Perón ocupa el centro de escenario -- Elecciones en un año incontrolable -- El terrorismo acaricia el poder -- La subversion alcanza el poder 
653 |a Historia 
653 |a Historia argentina 1966-1986 
653 |a Montoneros 
653 |a Proceso de reorganización nacional 
653 |a Terrorismo de estado 
859 |a CEMS  |b BIB. CEMS - 11 de abril  |h 982.06  |i AC85a2  |p 21455.01  |t Ej.1